000 00959pam a22003014a 4500
003 OCoLC
005 20150226092753.0
007 co uu-g--u----
008 020806s2003 njua b 001 0 eng
010 _a2002030725
020 _a9780273779872
040 _aDLC
_cDLC
_dYDX
_dCIN
042 _apcc
050 0 0 _aQA 76.73.C153
_b.D45 2013
100 1 _aDeitel, Paul J.
245 1 0 _aC++ how to program /
_cPaul Deitel, Harvey Deitel.
246 0 _aC++ in the lab.
250 _a8th ed.
_bPearson Horizon editions.
260 _aBoston :
_bPrentice Hall,
_cc2013.
300 _al101 pages :
_billustrations ;
_c24 cm.
500 _aPreviously entered under: Harvey Deitel.
500 _a"Contributions to the International and Horizon Editions by Piyali Sengupta."
521 _aInformation Technology
650 0 _aC++ (Computer program language)
700 1 _aDeitel, Harvey M.,
_d1945-
700 1 _aSengupta, Piyali.
942 _2lcc
_cBK
999 _c283619
_d283619